000 00202 a2200097 4500
001 444
100 _aBishop,RED
245 _aMatrix analysis of vibration
260 _a
_bCambridge
_c
090 _c63
_d63
942 _aNUST-CAE
_cM
_c32822
999 _c235517
_d235517